000 00278nam a2200085Ia 4500
008 171024s2000 xx 000 0 und d
245 _aIcun-The World Conservation Union:Commission On Environmental Law
260 _aSwitzerland
_bIUCN
_c2000
650 _aEnvironmental law- commission
999 _c110476
_d110476